| 000 | 01011cam a2200265 4500 | ||
|---|---|---|---|
| 001 | WS118804 | ||
| 008 | 020712n 000 0 eng u | ||
| 035 | _a(Sirsi) u118804 | ||
| 110 |
_aDepartment of Health _9662 |
||
| 245 | _aDepartment of Health | ||
| 520 | _aWeb site for this government department whose aim 'is to improve the health and well-being of people in England'. Includes pages on the health effects of mobile phones and mobile phone base stations, air pollution and integrated pollution prevention and control. | ||
| 650 | _aGOVERNMENT | ||
| 650 | _aHEALTH | ||
| 650 | _aLANDFILL SITES | ||
| 650 | _aMOBILE PHONES | ||
| 650 | _aMOBILE PHONE BASE STATIONS | ||
| 650 | _aORGANOPHOSPHATES | ||
| 650 | _aPOLLUTION PREVENTION AND CONTROL REGULATIONS 2000 | ||
| 650 | _aAIR POLLUTION | ||
| 650 | _aWASTE MANAGEMENT | ||
| 650 |
_aValuation _96273 |
||
| 690 | _aTELECOMMUNICATIONS | ||
| 856 | 4 | 0 | _uhttps://www.doh.gov.uk\zView the website free of charge at www.doh.gov.uk... |
| 942 | _n0 | ||
| 999 |
_c120087 _d120087 |
||